000 00936nam a2200289Ia 4500
003 OSt
005 20221002044805.0
006 a|||||r|||| 00| 0
007 ta
008 220930b |||||||| |||| 00| 0 eng d
020 _a923102261x
024 _a28001
037 _cReference Collections
040 _aCRL
_cCRL
_beng
041 _2eng
_aeng
082 _aV1:19(zQ)n1,N84, M4 ( RR)
111 _aUnesco
_9567907
245 0 _aWorld directory of peace research institutions
_b social science documentation center with the collaboration of the division of human rights and peace
250 _a5th
260 _aParis
_bUnesco France
_c1984
300 _a228p.
_ccm.
500 _aReports and papers in the social sciences.No. 55.
650 _a DIRECTORIES
_9569676
650 _aHISTORY
942 _hV1:19(zQ)n1,N84, M4 ( RR)
_cref
_2CC
999 _c911127
_d911127